000 00715nam a2200229Ia 4500
001 17225
003 GE_BSU
008 181216s||||||||xx |||||||||||||| ||und||
040 _cGE_BSU
080 _a821.161.1-32
100 _aხრუცკი, ე.
245 _aმეოთხე ეშელონი
245 _bტრილოგია
245 _cთარგმნა ტიტე ხინთიბიძემ. რედ. მ. ცინცაძე
260 _aბათუმი
260 _bსაბჭ. აჭარა
260 _c1987
300 _a630გვ. ; 20სმ.
653 _aმეოთხე ეშელონი
653 _aტრილოგია
942 _cBK
999 _c50286
_d50286